Estatísticas para Três bandeiras de país listradas horizontais

Clique aqui para jogar o quiz

Estatísticas Gerais

  • Esse quiz foi jogado 61 vezes
  • A pontuação média é 11 de 13

Estatísticas das Respostas

Resposta% Correto
Alemanha
100%
Rússia
98%
Países Baixos
95%
Hungria
93%
Bulgária
89%
Luxemburgo
87%
Bolívia
85%
Estônia
85%
Lituânia
80%
Armênia
78%
Iémen
78%
Gabão
76%
Serra Leoa
62%

Distribuição das Pontuações

Percentil de Números Respondidos

Porcentagem de Pessoas com Cada Pontuação

Sua Pontuação Histórica

Você não jogou esse quiz